LIBRARY & INFORMATION CENTRE, KCAET, TAVANUR

ONLINE PUBLIC ACCESS CATALOGUE (OPAC)

Advance in Indigenous Dairy Products (Record no. 14393)

MARC details
000 -LEADER
fixed length control field 00298nam a22001217a 4500
020 ## - INTERNATIONAL STANDARD BOOK NUMBER
ISBN 9788176222648
082 ## - DEWEY DECIMAL CLASSIFICATION NUMBER
Classification number 637.1
Item number PAN/AD
245 ## - TITLE STATEMENT
Title Advance in Indigenous Dairy Products
260 ## - PUBLICATION, DISTRIBUTION, ETC. (IMPRINT)
Place of publication New Delhi
Name of publisher Biotech Books
Year of publication 2013
300 ## - PHYSICAL DESCRIPTION
Number of Pages 232
700 ## - ADDED ENTRY--PERSONAL NAME
Personal name Pandey,Rajendra Kumar
942 ## - ADDED ENTRY ELEMENTS (KOHA)
Koha item type Books
Holdings
Withdrawn status Lost status Damaged status Collection code Home library Current library Shelving location Date acquired Source of acquisition Cost, normal purchase price Full call number Accession Number Koha item type
        KAUAET KAUAET General Stacks 28/06/2016 Universal Research Books, Thrissur 890.00 637.1 PAN/AD 23927 Books
free website counter